La inclusión del enfoque étnico en los censos de población de América Latina (Registro nro. 33366)

Detalles MARC
000 -LEADER
fixed length control field 00375 a2200109 4500
001 - CONTROL NUMBER
control field ART_44807
005 - DATE AND TIME OF LATEST TRANSACTION
control field 20260410162024.0
008 - FIXED-LENGTH DATA ELEMENTS--GENERAL INFORMATION
fixed length control field 260409a
100 1# - MAIN ENTRY--PERSONAL NAME
Personal name Schkolnik, Susana
245 10 - TITLE STATEMENT
Title La inclusión del enfoque étnico en los censos de población de América Latina
773 0# - HOST ITEM ENTRY
Title Notas de población
Related parts - Año XXXVI, Nº 89 (jul./dic. 2009)
Record control number REV41841

No hay ítems disponibles.